=LDR 00000nam 2200000 4500 =001 INLIS000000000032168 =005 20250117084432 =035 ##$$a 0010-061300000032168 =008 250117################g##########0#ind## =041 ##$$a ind =082 ##$$a R. 150.3 =090 ##$$a R.150.3, Cha, k =100 ##$$a Chaplin, Jemes P =245 1#$$a Kamus lengkap psikologi /$c James P. Chaplin ; Penerjemah, Dr. Kartini Kartono =260 ##$$a Jakarta :$b PT Raja Grafindo,$c 2006 =300 ##$$a xxxii, 544 hlm. ; $c 23 x 15 cm. =650 #4$$a Psikologi - Kamus =700 #$$a Kartono, Kartini =850 ##$$a NBPNMAT =020 ##$$a 979-421-215-6 =084 ##$$a R. 150.3 CHA k =250 ##$$a Ed. 1 =500 ##$$a Judul asli ; Dictionary of psikology =990 ##$$a 06560656 =990 ##$$a 06560656 =990 ##$$a 06560656 =990 ##$$a 06560656 =990 ##$$a 06560656 =990 ##$$a 06560656 =990 ##$$a 06560656 =990 ##$$a 06560656 =990 ##$$a 06560656 =990 ##$$a 06560656 =990 ##$$a 06560656 =990 ##$$a 20611600 =990 ##$$a 3200702004 =990 ##$$a 3200702005 =990 ##$$a 3200702006 =990 ##$$a 3200702007 =990 ##$$a 3200702008 =990 ##$$a 3200702009 =990 ##$$a 3200702010 =990 ##$$a 3200702011 =990 ##$$a 3200702012 =990 ##$$a 3200702013 =990 ##$$a 30709377 =990 ##$$a 3200702004 =990 ##$$a 3200702005 =990 ##$$a 3200702006 =990 ##$$a 3200702007 =990 ##$$a 3200702008 =990 ##$$a 3200702009 =990 ##$$a 3200702010 =990 ##$$a 3200702011 =990 ##$$a 3200702012 =990 ##$$a 20611600 =990 ##$$a 30709379 =990 ##$$a 3200702004 =990 ##$$a 3200702005 =990 ##$$a 3200702006 =990 ##$$a 3200702007 =990 ##$$a 3200702008 =990 ##$$a 3200702009 =990 ##$$a 3200702010 =990 ##$$a 3200702011 =990 ##$$a 30709377 =990 ##$$a 20611600 =990 ##$$a 21007888 =990 ##$$a 3200702004 =990 ##$$a 3200702005 =990 ##$$a 3200702006 =990 ##$$a 3200702007 =990 ##$$a 3200702008 =990 ##$$a 3200702009 =990 ##$$a 3200702010 =990 ##$$a 30709379 =990 ##$$a 30709377 =990 ##$$a 20611600 =990 ##$$a 21007887 =990 ##$$a 3200702004 =990 ##$$a 3200702005 =990 ##$$a 3200702006 =990 ##$$a 3200702007 =990 ##$$a 3200702008 =990 ##$$a 3200702009 =990 ##$$a 21007888 =990 ##$$a 30709379 =990 ##$$a 30709377 =990 ##$$a 20611600 =990 ##$$a 21007885 =990 ##$$a 3200702004 =990 ##$$a 3200702005 =990 ##$$a 3200702006 =990 ##$$a 3200702007 =990 ##$$a 3200702008 =990 ##$$a 21007887 =990 ##$$a 21007888 =990 ##$$a 30709379 =990 ##$$a 30709377 =990 ##$$a 20611600 =990 ##$$a 20611603 =990 ##$$a 3200702004 =990 ##$$a 3200702005 =990 ##$$a 3200702006 =990 ##$$a 3200702007 =990 ##$$a 21007885 =990 ##$$a 21007887 =990 ##$$a 21007888 =990 ##$$a 30709379 =990 ##$$a 30709377 =990 ##$$a 20611600 =990 ##$$a 20611601 =990 ##$$a 3200702004 =990 ##$$a 3200702005 =990 ##$$a 3200702006 =990 ##$$a 20611603 =990 ##$$a 21007885 =990 ##$$a 21007887 =990 ##$$a 21007888 =990 ##$$a 30709379 =990 ##$$a 30709377 =990 ##$$a 20611600 =990 ##$$a 30709376 =990 ##$$a 3200702004 =990 ##$$a 3200702005 =990 ##$$a 20611601 =990 ##$$a 20611603 =990 ##$$a 21007885 =990 ##$$a 21007887 =990 ##$$a 21007888 =990 ##$$a 30709379 =990 ##$$a 30709377 =990 ##$$a 20611600 =990 ##$$a 30709378 =990 ##$$a 3200702004 =990 ##$$a 30709376 =990 ##$$a 20611601 =990 ##$$a 20611603 =990 ##$$a 21007885 =990 ##$$a 21007887 =990 ##$$a 21007888 =990 ##$$a 30709379 =990 ##$$a 30709377 =990 ##$$a 20611600